फणीश्वर नाथ रेणुः युग चेतना एवं मूल्यबोधछ राजनीतिक संक्रमण के विशेष संदर्भ में (Record no. 22204)

MARC details
000 -LEADER
fixed length control field 00706nam a2200169Ia 4500
008 - FIXED-LENGTH DATA ELEMENTS--GENERAL INFORMATION
fixed length control field 230917s9999||||xx |||||||||||||| ||und||
020 ## - ISBN
Price RS450
040 ## - CATALOGING SOURCE
-- 239212
Original cataloging agency VIVEKANANDA LIBRARY
041 ## - Language
-- English
082 ## - DDC NUMBER
Classification number 891.43371109 RF298:PS
100 ## - MAIN ENTRY--PERSONAL NAME
Personal name प्रसाद, शिव चन्द
245 #0 - TITLE STATEMENT
Title फणीश्वर नाथ रेणुः युग चेतना एवं मूल्यबोधछ राजनीतिक संक्रमण के विशेष संदर्भ में
260 ## - PUBLICATION, DISTRIBUTION, ETC. (IMPRINT)
Place of publication, distribution, etc गाजियाबाद
Name of publisher, distributor, etc आकाश पब्लिशर्स
Date of publication, distribution, etc 2012
300 ## - PHYSICAL DESCRIPTION
Pages 208 p.
500 ## - GENERAL NOTE
General note 2695 27/03/2017 IBS17/754 27/03/2017 Main Budget
942 ## - ADDED ENTRY ELEMENTS (KOHA)
Koha item type Books
Holdings
Withdrawn status Lost status Damaged status Not for loan Location (home branch) Sublocation or collection (holding branch) Date acquired Koha issues (times borrowed) Koha full call number Accession No. Koha date last seen Koha item type
        VIVEKANANDA LIBRARY VIVEKANANDA LIBRARY 18/05/2017   891.43371109 RF298:PS 365863 17/09/2023 Books
© Designed and Maintained by Vivekananda Library, MDU Rohtak